000 00668nam a2200217Ia 4500
005 20250508165326.0
008 008 250505s9999 xx 000 0 eng d
020 _a978-81-316-0571-4
037 _aTextBook
040 _aFEDL
_beng
_cFEDL
041 _aeng
_2eng
084 _a370.19, MOD/R
_qFEDL
100 _aModi Ishwar Ed.
245 0 _aEducation, religion and creativity: Essays in honour of Professor Yogendra Singh
260 _aJaipur, India
_bRawat Publications
_c2013
300 _axx, 320p.
365 _aINR
_b1195
490 _aGlobalization and Social Transformation
942 _cTB
_h370.19, MOD/R
999 _c1394474
_d1394474